<?xml version="1.0" encoding="UTF-8"?>
<collection xmlns="http://www.loc.gov/MARC21/slim">
 <record>
  <leader>01749cam a22004092  4500</leader>
  <controlfield tag="001">1612430708</controlfield>
  <controlfield tag="003">DE-627</controlfield>
  <controlfield tag="005">20170113094757.0</controlfield>
  <controlfield tag="007">tu</controlfield>
  <controlfield tag="008">141201s1983    ii ||||| h    00| ||ori c</controlfield>
  <datafield tag="010" ind1=" " ind2=" ">
   <subfield code="a">   85903456 </subfield>
  </datafield>
  <datafield tag="035" ind1=" " ind2=" ">
   <subfield code="a">(DE-627)1612430708</subfield>
  </datafield>
  <datafield tag="035" ind1=" " ind2=" ">
   <subfield code="a">(DE-576)420299963</subfield>
  </datafield>
  <datafield tag="035" ind1=" " ind2=" ">
   <subfield code="a">(DE-599)BSZ420299963</subfield>
  </datafield>
  <datafield tag="040" ind1=" " ind2=" ">
   <subfield code="a">DE-627</subfield>
   <subfield code="b">ger</subfield>
   <subfield code="c">DE-627</subfield>
   <subfield code="e">rakwb</subfield>
  </datafield>
  <datafield tag="041" ind1=" " ind2=" ">
   <subfield code="a">ori</subfield>
  </datafield>
  <datafield tag="044" ind1=" " ind2=" ">
   <subfield code="c">XB-IN</subfield>
  </datafield>
  <datafield tag="050" ind1=" " ind2="0">
   <subfield code="a">PK2579.D343</subfield>
  </datafield>
  <datafield tag="100" ind1="1" ind2=" ">
   <subfield code="a">Dāsa, Bikrama</subfield>
   <subfield code="0">(DE-627)1245789996</subfield>
   <subfield code="0">(DE-576)175789991</subfield>
   <subfield code="4">aut</subfield>
  </datafield>
  <datafield tag="245" ind1="1" ind2="0">
   <subfield code="a">Mo nanāṅka deśa</subfield>
   <subfield code="b">Manīṣī Paṇdita Nīḷakaṇṭha Dāsaṅka mahat jībanara aneka aprakāsita o aṅgelibhā ghaṭaṇā ebaṃ tātkāḷika Oḍiśāra sāhitya, rājanīti, o sāṃskṛtika bicāradhārara samyak pariprakāśa</subfield>
   <subfield code="c">Bikrama Dāsa</subfield>
  </datafield>
  <datafield tag="250" ind1=" " ind2=" ">
   <subfield code="a">1. saṃskaraṇa</subfield>
  </datafield>
  <datafield tag="264" ind1=" " ind2="1">
   <subfield code="a">Kaṭaka</subfield>
   <subfield code="b">Oḍiśā Buk Shṭora</subfield>
   <subfield code="c">1983</subfield>
  </datafield>
  <datafield tag="300" ind1=" " ind2=" ">
   <subfield code="a">2, 3, 405 S.</subfield>
   <subfield code="b">Ill.</subfield>
   <subfield code="c">22 cm</subfield>
  </datafield>
  <datafield tag="336" ind1=" " ind2=" ">
   <subfield code="a">Text</subfield>
   <subfield code="b">txt</subfield>
   <subfield code="2">rdacontent</subfield>
  </datafield>
  <datafield tag="337" ind1=" " ind2=" ">
   <subfield code="a">ohne Hilfsmittel zu benutzen</subfield>
   <subfield code="b">n</subfield>
   <subfield code="2">rdamedia</subfield>
  </datafield>
  <datafield tag="338" ind1=" " ind2=" ">
   <subfield code="a">Band</subfield>
   <subfield code="b">nc</subfield>
   <subfield code="2">rdacarrier</subfield>
  </datafield>
  <datafield tag="500" ind1=" " ind2=" ">
   <subfield code="a">In Oriya. -</subfield>
  </datafield>
  <datafield tag="520" ind1=" " ind2=" ">
   <subfield code="a">Author's reminiscences of his father Nīḷakaṇṭha Dāśa, 1884-1967, and contemporary literary, political, and social scene of Orissa</subfield>
  </datafield>
  <datafield tag="600" ind1="1" ind2="0">
   <subfield code="a">Dāsa, Nīḷakaṇṭha 1884-1967</subfield>
  </datafield>
  <datafield tag="650" ind1=" " ind2="0">
   <subfield code="a">Authors, Oriya</subfield>
   <subfield code="x">Biography</subfield>
   <subfield code="x">20th century</subfield>
  </datafield>
  <datafield tag="651" ind1=" " ind2="0">
   <subfield code="a">Orissa (India)</subfield>
   <subfield code="x">Intellectual life</subfield>
  </datafield>
  <datafield tag="655" ind1=" " ind2="7">
   <subfield code="a">Biografie</subfield>
   <subfield code="0">(DE-588)4006804-3</subfield>
   <subfield code="0">(DE-627)104213493</subfield>
   <subfield code="0">(DE-576)208867147</subfield>
   <subfield code="2">gnd-content</subfield>
  </datafield>
  <datafield tag="689" ind1="0" ind2="0">
   <subfield code="d">p</subfield>
   <subfield code="0">(DE-588)12062463X</subfield>
   <subfield code="0">(DE-627)704880407</subfield>
   <subfield code="0">(DE-576)165244909</subfield>
   <subfield code="a">Dāśa, Nīḷakaṇṭha</subfield>
   <subfield code="d">1884-1967</subfield>
   <subfield code="2">gnd</subfield>
  </datafield>
  <datafield tag="689" ind1="0" ind2=" ">
   <subfield code="5">(DE-627)</subfield>
  </datafield>
  <datafield tag="951" ind1=" " ind2=" ">
   <subfield code="a">BO</subfield>
  </datafield>
  <datafield tag="990" ind1=" " ind2=" ">
   <subfield code="a">Dāśa, Nīḷakaṇṭha</subfield>
  </datafield>
  <datafield tag="999" ind1=" " ind2=" ">
   <subfield code="a">KXP-PPN1612430708</subfield>
   <subfield code="e">3167315687</subfield>
  </datafield>
 </record>
</collection>
